Villes par images d'une bouche de métro - Statistiques

Statistiques générales
  • Ce quiz a été pris 778 fois
  • Le résultat moyen est 10 sur 15
Statistiques - réponses
Par images Réponse % Correct
Paris
99%
Berlin
97%
New York
96%
Rome
94%
Madrid
93%
Pékin
91%
Moscou
89%
Tokyo
87%
Athènes
74%
Mexico
48%
Budapest
47%
Toulouse
46%
Buenos Aires
34%
Singapour
27%
Tachkent
26%
Aucun quiz correspondant
Distribution des résultats
% des personnes avec chaque résultat
Percentile par nombre de réponses
Votre historique - résultats
Vous n’avez pas pris ce quiz